00361cam a22000977a 4500008004000000082001900040245009700059260003200156300000900188700006600197180718b1973 xxu||||| |||| 00| 0 eng d aT19x5422 M264s aSurguja: poverty in plentycby Department of Planning Economics & Statistics, Madhya Pradesh aBhopalbCentral Pressc1973 a30p. aMadhya Pradesh. Department of Planning Economics & Statistics